000 00422nam a2200181Ia 4500
001 24541
005 20260414151050.0
008 260414t1984||||xx |||||||||||||| ||spa||
041 _aESP
082 _a345.72
_bP43
100 _aPerla Velaochaga, Ernesto
_eAUT
245 0 _aJuicio ordinario
_b
260 _c1984
300 _a584 páginas :
_c20 cm.
650 _aDER
654 _aCDE
942 _cLIB
_dJUS
_fJUS
_2ddc
_n
999 _c24541
_d24541